ឧបករណ៍សម្រាប់ការសិក្សា និងអនុវត្តន៍សកម្មភាពតាមបែបចូលរួម (Record no. 8696)

000 -LEADER
fixed length control field 00430nam a22001217a 4500
040 ## - CATALOGING SOURCE
Transcribing agency HS
082 ## - DEWEY DECIMAL CLASSIFICATION NUMBER
Classification number 307
110 ## - MAIN ENTRY--CORPORATE NAME
Corporate name or jurisdiction name as entry element LUTHERAN WORLD FEDERATION (LWF)
245 ## - TITLE STATEMENT
Title ឧបករណ៍សម្រាប់ការសិក្សា និងអនុវត្តន៍សកម្មភាពតាមបែបចូលរួម
260 ## - PUBLICATION, DISTRIBUTION, ETC. (IMPRINT)
Place of publication ភ្នំពេញ
Name of publisher LUTHERAN WORLD FEDERATION
Year of publication 2002
300 ## - PHYSICAL DESCRIPTION
Number of Pages NA
942 ## - ADDED ENTRY ELEMENTS (KOHA)
Koha item type សៀវភៅភាសាខ្មែរ
952 ## - LOCATION AND ITEM INFORMATION (KOHA)
Withdrawn status [LOCAL, KOHA] 0
Holdings
Permanent Location Date acquired Koha item type Lost status Shelving location Barcode Current Location Full call number
Library Block C2016-08-09សៀវភៅភាសាខ្មែរ C195RUA42119Library Block C307 LUT 2002 C195
មជ្ឈមណ្ឌលឯការនៃសាកលវិទ្យាល័យភូមិន្ទកសិកម្មចំការដូង

Powered by Koha